1338-千葉市緑区(千葉県)の駅 - Statistics

General Stats
  • This quiz has been taken 4 times
  • The average score is 3 of 5
Answer Stats
Answer % Correct
鎌取
100%
誉田
100%
学園前
100%
あゆみ野
25%
士気
0%
No matching quizzes found
Score Distribution
Percent of People with Each Score
Percentile by Number Answered
Your Score History
You have not taken this quiz